Harvest on the don : (Record no. 131441)

MARC details
000 -LEADER
fixed length control field 00674nam a22002297a 4500
005 - DATE AND TIME OF LATEST TRANSACTION
control field 20170124110128.0
010 ## - LIBRARY OF CONGRESS CONTROL NUMBER
LC control number 992090
020 ## - INTERNATIONAL STANDARD BOOK NUMBER
Terms of availability 00.00
035 ## - SYSTEM CONTROL NUMBER
System control number 992090
037 ## - SOURCE OF ACQUISITION
Source of stock number/acquisition Cen Lib/ Ret
040 ## - CATALOGING SOURCE
Original cataloging agency DPL
Language of cataloging EN
082 ## - DEWEY DECIMAL CLASSIFICATION NUMBER
Classification number N
Item number SHO
100 ## - MAIN ENTRY--PERSONAL NAME
Personal name Sholokhov, Mikhail
9 (RLIN) 102104
245 ## - TITLE STATEMENT
Title Harvest on the don :
Statement of responsibility, etc by Mikhail Sholokhov; traslated from the russian by H.C. Stevens
Remainder of title a sequel to vigin soil upturned /
260 ## - PUBLICATION, DISTRIBUTION, ETC. (IMPRINT)
Place of publication, distribution, etc London
Name of publisher, distributor, etc Putnam and Company
Date of publication, distribution, etc 1960
270 ## - ADDRESS
City London
300 ## - PHYSICAL DESCRIPTION
Extent 399p.
Dimensions 20cm(Hb)
650 ## - SUBJECT ADDED ENTRY--TOPICAL TERM
Topical term or geographic name as entry element Russian Literature
9 (RLIN) 102105
650 ## - SUBJECT ADDED ENTRY--TOPICAL TERM
Topical term or geographic name as entry element Russian Fiction
9 (RLIN) 102106
700 ## - ADDED ENTRY--PERSONAL NAME
Personal name Stevens, H.C.
9 (RLIN) 102107
942 ## - ADDED ENTRY ELEMENTS (KOHA)
Source of classification or shelving scheme Dewey Decimal Classification
Koha item type English Books
Classification part N
Call number suffix SHO
Holdings
Withdrawn status Lost status Damaged status Not for loan Home library Current library Date acquired Source of acquisition Cost, normal purchase price Total Checkouts Full call number Barcode Date last seen Copy number Cost, replacement price Price effective from Koha item type Public note
Written off       Central Library Central Library 14/07/2015 Cen Lib/Ret 0.00   N SHO 992090 14/07/2015 1 0.00 14/07/2015 English Books W/d List No. 6858/14 ; dtd 04/08/2020

© Delhi Public Library
Hit Counter
free hit counter